|
|
|
|
| LEADER |
01370nam a2200325 a 4500 |
| 001 |
4084 |
| 003 |
BD-DhAAL |
| 005 |
20150627104332.0 |
| 008 |
150627s1992 bg af b 001 0 eng |
| 010 |
|
|
|a 93903089
|
| 020 |
|
|
|a 9845123384 :
|c Tk800.00 ($40.00 U.S.)
|
| 040 |
|
|
|a DLC
|c DLC
|d DLC
|d BD-DhAAL
|
| 041 |
0 |
|
|a engaraper
|
| 050 |
0 |
0 |
|a PJ7599.B46
|b K37 1992
|
| 082 |
0 |
0 |
|a 492/.711/095492
|2 20
|
| 100 |
1 |
|
|a Karim, Abdul,
|d 1928-2007.
|9 12496
|
| 245 |
1 |
0 |
|a Corpus of the Arabic and Persian inscriptions of Bengal /
|c Abdul Hamid.
|
| 260 |
|
|
|a Dhaka, Bangladesh :
|b Asiatic Society of Bangladesh :
|b Distributor, Academic Publishers,
|c 1992.
|
| 300 |
|
|
|a xii, 591 p., 89 plates :
|b ill. ;
|c 25 cm.
|
| 500 |
|
|
|a Includes passages in Arabic and Persian.
|
| 504 |
|
|
|a Includes bibliographical references (p. [554]-561) and index.
|
| 541 |
|
|
|e 4084
|
| 650 |
|
0 |
|a Inscriptions, Arabic
|z Bangladesh.
|9 12497
|
| 650 |
|
0 |
|a Inscriptions, Persian
|z Bangladesh.
|9 12498
|
| 650 |
|
0 |
|a Inscriptions, Arabic
|z India
|z West Bengal.
|9 12499
|
| 650 |
|
0 |
|a Inscriptions, Persian
|z India
|z WestBengal.
|9 12500
|
| 710 |
2 |
|
|a Asiatic Society of Bangladesh.
|9 7103
|
| 942 |
|
|
|2 ddc
|c BK
|
| 999 |
|
|
|c 34851
|d 34851
|
| 952 |
|
|
|0 0
|1 0
|2 ddc
|4 0
|6 492_000000000000000__711_095492_KAR
|7 0
|9 54536
|a SCL
|b SCL
|c GEN
|d 2015-06-27
|g 800.00
|l 1
|m 1
|o 492.711095492 KAR
|p 3020004084
|r 2025-11-24
|s 2025-11-11
|t 1
|w 2015-06-27
|y BK
|